सहकार विशेषांक स्वप्ना (Record no. 111104)

MARC details
000 -LEADER
fixed length control field 00452nam a2200145Ia 4500
008 - FIXED-LENGTH DATA ELEMENTS--GENERAL INFORMATION
fixed length control field 090124s9999 xx 000 0 und d
082 ## - DEWEY DECIMAL CLASSIFICATION NUMBER
Item number 44881
245 ## - TITLE STATEMENT
Title सहकार विशेषांक स्वप्ना
250 ## - EDITION STATEMENT
Edition statement 0
260 ## - PUBLICATION, DISTRIBUTION, ETC. (IMPRINT)
Date of publication, distribution, etc 2003
300 ## - PHYSICAL DESCRIPTION
Extent 280
630 ## - SUBJECT ADDED ENTRY--UNIFORM TITLE
Uniform title सहकार विशेषांक स्वप्ना
730 ## - ADDED ENTRY--UNIFORM TITLE
Uniform title सहकार विशेषांक स्वप्ना
942 ## - ADDED ENTRY ELEMENTS (KOHA)
Koha item type Book
Holdings
Withdrawn status Lost status Damaged status Not for loan Home library Current library Date acquired Cost, normal purchase price Total Checkouts Full call number Barcode Date last seen Cost, replacement price Price effective from Koha item type
        Nagar Wachan Mandir, Thane Nagar Wachan Mandir, Thane   50.00   44881 THNNWM-44881 01/24/2009 50.00 01/24/2009 Book